000 00658nam a2200193 a 4500
008 100720s2009 ||||||||||||||||| || u
020 _a9780745640464
050 _aJC 359 Cal
100 _aCallinicos, Alex
245 1 0 _aImperialism and global political economy
260 _aCambridge:
_bPolity Press
_c2009
300 _ax, 295p.: ill.
350 _a0.00
650 0 _aINTERNATIONAL ECONOMIC RELATIONS
650 _aCAPITALISM
650 _aPOLITICS
650 _aIMPERIALISM
995 _D0.00
_FCBU-MAIN LIBRARY (Kitwe)
_H1
_I0.00
_M1
_UAVAILABLE
_WAug 18, 2010
_ZMain Library Open Access Collection
999 _c46415
_d46415